000 00385nam a2200169Ia 4500
005 20240402011608.0
008 240331s9999 xx 000 0 und d
020 _a0316854298
082 _bHOB
_a330
100 _aHobsbawm, Eric
245 4 _aThe new century
250 _a1 st.
260 _aLondon :
_bNew press /
_c2000.
300 _a176 p.,
650 _aHistory.
942 _cL
999 _c2604
_d2604